000 00266nam a22001097a 4500
008 160624b xxu||||| |||| 00| 0 eng d
100 _9874
_aPage, C.G
245 _aMaria's Search
260 _aChicago
_b Moody Press
_c1991
300 _aMaria's Search
942 _2ddc
_cBK
999 _c697
_d697